| 000 | 00475nam a2200145Ia 4500 | ||
|---|---|---|---|
| 003 | OSt | ||
| 005 | 20260331142032.0 | ||
| 008 | 211028s2011 xx 000 0 und d | ||
| 040 | _cAIMIT LIBRARY | ||
| 041 | _aeng | ||
| 100 |
_aVarghese, Ann;Pereira, Shawn. _g916043 _96806 |
||
| 245 | _aAssessment of factors affecting individuals and organizations in managing bills with respect to bill mail ID Mangalore / | ||
| 260 |
_aMangalore _bPereira, Shawn _c2011 |
||
| 942 |
_2ddc _cPRO |
||
| 999 |
_c218376 _d218376 |
||